Las estructuras y los hombres
Збережено в:
| Автори: | , , , |
|---|---|
| Інші автори: | |
| Формат: | Книга |
| Мова: | Іспанська |
| Опубліковано: |
Barcelona
Ariel
1969
|
| Серія: | Ariel Quincenal
|
| Предмети: | |
| Теги: |
Додати тег
Немає тегів, Будьте першим, хто поставить тег для цього запису!
|
MARC
| LEADER | 00000nam a2200000 a 4500 | ||
|---|---|---|---|
| 001 | UCP4402 | ||
| 003 | CL-VaPUC | ||
| 008 | 990724e19690000SP |||||||||||||||||spa|d | ||
| 082 | 0 | 4 | |a 149.96 |b LAB |2 21 |
| 100 | |a Labrousse, Ernest |e author |9 437119 | ||
| 700 | 0 | |a Zazzo, René |e author |9 431896 | |
| 700 | 0 | |a Goldmann, L |e author |9 431897 | |
| 700 | |a Lefebvre, Henri |e author |9 581970 | ||
| 700 | |a Martinet, André V. |e autor |9 611822 | ||
| 245 | 1 | 4 | |a Las estructuras y los hombres |
| 300 | |a 165 p | ||
| 942 | |c BK | ||
| 945 | |d 19990724 00:00:00 |a crobeson | ||
| 260 | |a Barcelona |b Ariel |c 1969 | ||
| 650 | 0 | |a Estructuralismo |9 265696 | |
| 650 | 7 | |a CIENCIAS DEL LENGUAJE |2 CL-VaPUC |9 431900 | |
| 650 | 0 | |a Ciencias sociales |9 256351 | |
| 650 | 7 | |a ESTRUCTURA SOCIAL |2 CL-VaPUC |9 431901 | |
| 583 | |a last modification |c 19990724 00:00:00 |k Rodrigo Vera | ||
| 490 | 0 | |a Ariel Quincenal | |
| 999 | |c 282385 |d 282383 | ||
| 952 | |0 0 |1 0 |4 0 |6 149_960000000000000_LAB_1969 |7 0 |8 A |9 324055 |a BIBHIS |b BIBHIS |d 2019-11-20 |i 1354558 |o 149.96 LAB 1969 |p 1354558 |r 2025-01-20 |w 2019-11-20 |y BK |k HIS | ||